000 00333nam a2200145Ia 4500
005 20251222152006.0
008 251222s9999||||xx |||||||||||||| ||spa||
020 _a8440220634
082 _a813.5/K56
100 _aKing, Stephen
245 0 _aApocalipsis Parte I
250 _a1ra.ed.
264 _bOrbis • Fabbri
942 _cLIB
999 _c24730
_d24730